| 000 | 00000nam##2200000za#4500 |
| 001 | 9.657349 |
| 003 | CaOODSP |
| 005 | 20200401062744 |
| 007 | ta |
| 008 | 150407|1994||||xxc||||| f|0| 0 eng|d |
| 020 | |a0-662-61580-8 |
| 040 | |aCaOODSP|beng |
| 041 | |aeng |
| 041 | |afre |
| 043 | |an-cn--- |
| 086 | 1 |aJS42-59/1994 |
| 110 | 1 |aCanada.|bSolicitor General Canada. |bSecurity Intelligence Review Committee. |
| 245 | 14|aThe Heritage Front affair : |breport to the Solicitor General of Canada, December 9, 1994 |
| 260 | |aOttawa - Ontario : |bSolicitor General Canada. |c1994. |
| 300 | |aEnglish text, 210p. in various pagings. : |breferences ; |c28 cm. |
| 500 | |aContents: Methodology.--Foreword.--Overview of the extreme right.--Targeting the extremists.--Alleged white supremacist informant.--The Heritage Front emerges.--Information collection and harassment.--The funding of the source in the Heritage Front.--Reform Party.--The Reform Party and a foreign country.--The Metzger and Maguire incidents.--The source and the legal process.--Bristow and CSIS alleged spying on postal workers.--Spying on the CBC.--Findings and conclusions.--Annex A: How the targeting process works.--Glossary. |
| 563 | |aSoftcover |
| 690 | 07|aRacial discrimination|2gcpds |
| 690 | 07|aRace relations|2gcpds |
| 792 | |tL'affaire du Heritage Front : |efre|w(CaOODSP)9.657350 |
| 986 | |aFile no. 2800-54 |